Регионална библиотека "Любен Каравелов" - Русе

Картинен правописен речник - І клас- български език (Запис номер 437190)

MARC детайли
000 -Лидер
Контролно поле с фиксирана дължина 01201nam a2200277 a 4500
003 - Код на организацията, давaща контролен номер
Контролно поле BLK
005 - Дата и час на последна редакция
Контролно поле 20250510125004.0
008 - Елементи от данни с фиксирана дължина
fixed length control field 181106b bu ||||| |||| 00| 0 bu d
020 ## - Международен стандартен номер на книга ISBN
Международен стандартен номер на книга ISBN 9789547928022
040 ## - Източник на каталожния запис
Идентификатор на билиотеката - собственик на записа BLK
041 ## - Код за език
Код за езика на текст/звукозапис или на отделно заглавие Български
Код за езика КДБФ Български
080 ## - УДК
Текстов определител УДК Основно образование
УДК код - определител по УДК 372.4
УДК - код + определител 372.4
100 ## - Редна дума - Автор
R(LIN) 365603
Автор Манчева, Евтимия Костова
Авторска отговорност първи автор
139 ## - Редно поле
Редна дума Манчева, Евтимия Костова
Авторски знак Мант - М 28
245 ## - Сведения за заглавието
Заглавие Картинен правописен речник - І клас- български език
Подзаглавни данни По новата учебна програма
Редно поле (дума) Евтимия Манчева, Маргарита Тороманова
257 ## - Страна на издаване
Страна на създаване/издаване България
260 ## - Област на издателските данни
9 (RLIN) 210029
Място на издаване, разпространение и проч. София
Име на издателя, разпространителя и проч. СКОРПИО
Година на издаване 2018
Издателство - префикс ISBN 978-954-792- ; 954-90825-
300 ## - Физическа характеристика
Страници 56 с.
Илюстрации и др. с цв. ил.
Размери/Мащаб 29 см
380 ## - Жанр
Жанр Детска отраслова лит.
650 #7 - Допълнително описание по предмет – тема
9 (RLIN) 149965
Основно описание – тема или топоним Български език
653 #7 - Ключова дума – ненормативна
9 (RLIN) 199098
Ключова дума учебни помагала
653 #7 - Ключова дума – ненормативна
9 (RLIN) 191933
Ключова дума начално образование
700 ## - Други автори (авторска отговорност)
Лично име Тороманова, Маргарита Иванова
Автороска отговорност (Описва отношението между автора и произведението) съавт.
9 (RLIN) 1445
999 ## - СИСТЕМНИ КОНТРОЛНИ НОМЕРА
Koha biblionumber 437190
Koha biblioitemnumber 437190
942 ## - АРТИКУЛИ
Вид на библиотечния материал Книги
Скрит в OPAC Не
Периодичен библиозапис Да
Koha issues (borrowed), all copies 8
944 ## - СЪЗДАВАНЕ И РЕДАКЦИЯ на ЗАПИСА
Служител, извършил регистрацията/редакцията 30564
Статус, дата на статуса Анна Гръцманова
Наличности
Код за отписване Код за изгубен артикул Източник на класификационната схема Код за повреда Коз за рестрикции Код за отдаване Артикулен № Име на библиотеката - собственик Име на библиотеката, в която се намира в момента Статус (Текущо местоположение) Дата на вписване в системата Местоположение - отдел Цена в лева Систематично азбучна сигнатура Баркод Цена в евро Служебен тип на артикула
  Не е изгубен Universal Decimal Classification Не е повреден без рестрикции заемане за дома 862966 Регионална библиотека "Любен Каравелов" Русе Регионална библиотека "Любен Каравелов" Русе Детски отдел 2021-11-19 Детски отдел 5.65 373.3/М 28 Е 120000862880 2.89 Книги
  Не е изгубен Universal Decimal Classification Не е повреден без рестрикции заемане за дома 862967 Регионална библиотека "Любен Каравелов" Русе Регионална библиотека "Любен Каравелов" Русе Детски отдел 2021-11-19 Детски отдел 5.65 373.3/М 28 Е 120000862876 2.89 Книги
  Не е изгубен Universal Decimal Classification Не е повреден без рестрикции заемане за дома 862968 Регионална библиотека "Любен Каравелов" Русе Регионална библиотека "Любен Каравелов" Русе Детски отдел 2021-11-19 Детски отдел 5.65 373.3/М 28 Е 120000862877 2.89 Книги
  Не е изгубен Universal Decimal Classification Не е повреден без рестрикции заемане за дома 862969 Регионална библиотека "Любен Каравелов" Русе Регионална библиотека "Любен Каравелов" Русе Детски отдел 2021-11-19 Детски отдел 5.65 373.3/М 28 Е 120000862879 2.89 Книги
  Не е изгубен Universal Decimal Classification Не е повреден без рестрикции заемане за дома 862970 Регионална библиотека "Любен Каравелов" Русе Регионална библиотека "Любен Каравелов" Русе Детски отдел 2021-11-19 Детски отдел 5.65 373.3/М 28 Е 120000862878 2.89 Книги
Vip Innovations Ltd, Rousse, Bulgaria 2025